000 00298nam a2200133 i 4500
001 bg
100 1 _aPRUSZYŃSKI, J.
245 0 _aStopnie naukowe /
_cJ. Pruszyński.
260 _aWrocław,
_c1983.
040 _cBPK
041 _apol
942 _cKS
008 s pl f |000 0 pol
999 _c22613
_d22613
856 _uhttp://koha.tu.koszalin.pl/cgi-bin/koha/opac-detail.pl?biblionumber=22613
_yKatalog online BPK